Statistiques concernant Capitales mondiales les plus proches d'Honolulu

Cliquez ici pour prendre le quiz!

Statistiques générales

  • Ce quiz a été pris 36 fois
  • Le résultat moyen est 10 sur 20

Statistiques - réponses

kmcapitale% Correct
6206Tokyo
85%
6096Mexico
76%
7316Séoul
70%
7391Pyongyang
61%
4537Yaren
58%
4200Apia
55%
5098Suva
55%
4161Funafuti
52%
6915Port Moresby
52%
7118Guatemala
48%
5744Honiara
48%
7390Ngerulmud
48%
5089Nukuʻalofa
48%
3860Tarawa-Sud
48%
7284San Salvador
45%
7216Belmopan
42%
4991Palikir
42%
7477Tegucigalpa
42%
5702Port-Vila
39%
3666Majuro
33%

Distribution des résultats

Percentile par nombre de réponses

% des personnes avec chaque résultat

Votre développement - résultats

Vous n’avez pas pris ce quiz